1501-北越急行の駅 - Statistics

General Stats
  • This quiz has been taken 737 times
  • The average score is 9 of 12
Answer Stats
ほくほく線 % Correct
十日町
97%
六日町
94%
犀潟
89%
美佐島
83%
ほくほく大島
79%
しんざ
77%
虫川大杉
75%
魚沼丘陵
73%
くびき
73%
まつだい
72%
うらがわら
68%
大池いこいの森
66%
No matching quizzes found
Score Distribution
Percent of People with Each Score
Percentile by Number Answered
Your Score History
You have not taken this quiz